000 00840nam a22002777a 4500
001 BR6001449
003 BR-BrBNA
005 20230928083057.0
007 ta
008 230509b bl.||||| |||| 00| 0 por d
040 _aBR-BrBNA
_bpor
_cBiblioteca Nacional de Agricultura
041 _a(Por)
072 _aE30; E10; E50
_b/G514
090 _ E30 BR6001449
110 1 _aAssociacao dos Municipios do Vale do Ivai, Jandaia do Sul, PR (Brasil)
_9617
245 1 _aCarta de interesse para o plano local integrado. Estado do Parana. Regiao Vale do Ivai [Brasil]
260 3 _aJandaia do Sul, PR (Brasil):
_c1970.
300 _a97 p.
650 _aSANEAMENTO RURAL
650 _aTRANSPORTE
650 _aDENSIDADE DEMOGRAFICA
650 _aVALE DO IVAI
650 _aPARANA
909 _a202309
_bLucia
_c55
_dLucia Elande
942 _cBK
999 _c11449
_d11449